Locations of College GameDay in the 90s (Football) - Statistics

General Stats
  • This quiz has been taken 1,214 times
  • The average score is 32 of 58
Answer Stats
Hint Answer % Correct
10/5/96 Columbus, Ohio
81%
10/4/97 Columbus, Ohio
81%
10/3/98 Columbus, Ohio
81%
10/15/94 Ann Arbor, Michigan
80%
9/13/97 Ann Arbor, Michigan
80%
11/22/97 Ann Arbor, Michigan
80%
9/4/99 Ann Arbor, Michigan
80%
10/23/99 Austin, Texas
80%
10/8/94 Miami, Florida
79%
1/2/98 Miami, Florida
79%
12/5/98 Miami, Florida
79%
10/7/95 Tallahassee, Florida
73%
11/30/96 Tallahassee, Florida
73%
11/25/95 Gainesville, Florida
66%
9/20/97 Gainesville, Florida
66%
9/18/99 Gainesville, Florida
66%
11/20/99 Gainesville, Florida
66%
9/17/94 Lincoln, Nebraska
66%
10/29/94 Lincoln, Nebraska
66%
9/26/98 Lincoln, Nebraska
66%
10/10/98 Athens, Georgia
65%
11/18/95 Auburn, Alabama
65%
10/18/97 Auburn, Alabama
65%
11/9/96 Baton Rouge, Louisiana
65%
10/11/97 Baton Rouge, Louisiana
65%
9/30/95 Norman, Oklahoma
65%
9/9/95 Knoxville, Tennessee
64%
9/21/96 Knoxville, Tennessee
64%
11/6/99 Knoxville, Tennessee
64%
11/13/93 South Bend, Indiana
64%
9/10/94 South Bend, Indiana
64%
10/21/95 South Bend, Indiana
64%
9/28/96 South Bend, Indiana
64%
9/5/98 South Bend, Indiana
64%
10/24/98 Atlanta, Georgia
55%
9/25/99 Madison, Wisconsin
52%
10/25/97 East Lansing, Michigan
48%
10/9/99 East Lansing, Michigan
48%
9/23/95 Boulder, Colorado
44%
10/28/95 Boulder, Colorado
44%
9/14/96 Boulder, Colorado
44%
8/28/99 University Park, Pennsylvania
44%
10/16/99 Blacksburg, Virginia
39%
11/13/99 Blacksburg, Virginia
39%
1/1/98 Pasadena, California
39%
10/17/98 Pasadena, California
39%
1/2/96 Tempe, Arizona
37%
1/4/99 Tempe, Arizona
37%
10/26/96 Iowa City, Iowa
32%
1/2/97 New Orleans, Louisiana
32%
1/4/00 New Orleans, Louisiana
32%
11/8/97 Chapel Hill, North Carolina
29%
11/14/98 Manhattan, Kansas
29%
11/19/94 Birmingham, Alabama
19%
10/14/95 Birmingham, Alabama
19%
11/23/96 Birmingham, Alabama
19%
11/11/95 Evanston, Illinois
17%
10/30/99 Jacksonville, Florida
17%
No matching quizzes found
Score Distribution
Percent of People with Each Score
Percentile by Number Answered
Your Score History
You have not taken this quiz